000 00349nam a2200133Ia 4500
008 240624s9999 xx 000 0 und d
041 _aeng
082 _a658.4063 DES
100 _aDESCHAMPS JEAN PHILIPPE
245 _aINNOVATION GOVERNANCE HOW TOP MANAGEMENT
260 _c2014
_aSan Francisco
_bJossey-Bass
300 _a394 : p.
365 _c
_b28
999 _c27980
_d27980